[Event "Trofeo Cristoforo Colombo"]
[Site "Genova ITA"]
[Date "1989.06.??"]
[Round "6"]
[White "Hector, Jonny"]
[Black "Skembris, Spyridon"]
[WhiteElo "2485"]
[BlackElo "2455"]
[Result "0-1"]
[PlyCount "86"]
[EventDate "1989.06.02"]

1. e4 e5 2. Nc3 Nc6 3. f4 exf4 4. Nf3 Be7 5. Bc4 d6 6. d4 Bh4+ 7. Kf1 Bg4 8.
Bxf4 Nge7 9. Qd2 Bxf3 10. gxf3 Qd7 11. Rd1 Ng6 12. Bg3 Bf6 13. Qf2 Qh3+ 14. Kg1
O-O 15. Nd5 Bd8 16. f4 Nge7 17. Ne3 Kh8 18. f5 Ng8 19. Bf1 Qh6 20. h4 g6 21. e5
dxe5 22. d5 Nce7 23. Bxe5+ f6 24. Bf4 Qg7 25. Rh3 Nxf5 26. Nxf5 gxf5+ 27. Rg3
Qd7 28. c4 b6 29. d6 cxd6 30. Bg2 Rc8 31. Bd5 b5 32. Qg2 Bb6+ 33. Kh2 bxc4 34.
h5 Qe8 35. Qf3 c3 36. Bxd6 Nh6 37. Kg2 cxb2 38. Bxf8 Qxf8 39. Qe2 f4 40. Rb3
Qg7+ 41. Kh1 Ng4 42. Re1 b1=Q 43. Rexb1 Nf2+ 0-1

[Event "Trofeo Cristoforo Colombo"]
[Site "Genova ITA"]
[Date "1989.06.??"]
[Round "6"]
[White "Lerner, Konstantin Z."]
[Black "Krogius, Nikolai V."]
[WhiteElo "2535"]
[BlackElo "2550"]
[Result "1/2-1/2"]
[PlyCount "32"]
[EventDate "1989.06.02"]

1. d4 Nf6 2. c4 g6 3. Nc3 Bg7 4. e4 d6 5. Nf3 O-O 6. Be2 e5 7. O-O Nc6 8. Be3
Re8 9. d5 Nd4 10. Nxd4 exd4 11. Bxd4 Nxe4 12. Bxg7 Kxg7 13. Nxe4 Rxe4 14. f3
Re8 15. Qd4+ Qf6 16. Qxf6+ Kxf6 1/2-1/2

[Event "Trofeo Cristoforo Colombo"]
[Site "Genova ITA"]
[Date "1989.06.??"]
[Round "7"]
[White "Grassi, Mario"]
[Black "Lerner, Konstantin Z."]
[WhiteElo "2210"]
[BlackElo "2535"]
[Result "0-1"]
[PlyCount "56"]
[EventDate "1989.06.02"]

1. Nf3 g6 2. d4 Nf6 3. c4 Bg7 4. Nc3 O-O 5. e4 d6 6. Be2 Bg4 7. O-O Nfd7 8. Be3
Nc6 9. Ne1 Bxe2 10. Nxe2 e5 11. d5 Ne7 12. b4 f5 13. f3 Nf6 14. Bg5 fxe4 15.
Bxf6 exf3 16. Nd4 fxg2 17. Nxg2 Rxf6 18. Rxf6 Bxf6 19. Ne6 Qd7 20. Qf3 Nf5 21.
Rf1 Bg7 22. Qe4 Re8 23. Rxf5 gxf5 24. Qxf5 Rf8 25. Qe4 Rf6 26. Nh4 Qf7 27. Kg2
Qh5 28. h3 Rf4 0-1

[Event "Trofeo Cristoforo Colombo"]
[Site "Genova ITA"]
[Date "1989.06.??"]
[Round "7"]
[White "Klaric, Zlatko"]
[Black "Bellon Lopez, Juan Manuel"]
[WhiteElo "2445"]
[BlackElo "2470"]
[Result "1/2-1/2"]
[PlyCount "81"]
[EventDate "1989.06.02"]

1. d4 Nf6 2. c3 e6 3. Bg5 c5 4. e3 Qb6 5. Qc1 Ne4 6. Bf4 Nc6 7. Bd3 g5 8. Be5
f6 9. Bxe4 fxe5 10. dxe5 Nxe5 11. Nf3 Nf7 12. h4 d5 13. Bc2 g4 14. Ng5 Ne5 15.
Nxh7 Be7 16. Nd2 Bd7 17. f4 gxf3 18. Nxf3 Nxf3+ 19. gxf3 O-O-O 20. Bg6 Rdg8 21.
h5 c4 22. Qd2 Bc5 23. Kf2 e5 24. b4 cxb3 25. axb3 Rxh7 26. Bxh7 Bxe3+ 27. Qxe3
Rg2+ 28. Kxg2 Qxe3 29. Rae1 Qd2+ 30. Kg3 e4 31. h6 exf3 32. Kxf3 Qxc3+ 33. Kg2
Qb2+ 34. Kg3 Qxb3+ 35. Kf4 Qb4+ 36. Kg5 Qd2+ 37. Kh5 Qf4 38. Rhg1 Kd8 39. Bg6
Qh2+ 40. Kg5 Qd2+ 41. Kh5 1/2-1/2

[Event "Trofeo Cristoforo Colombo"]
[Site "Genova ITA"]
[Date "1989.06.??"]
[Round "7"]
[White "Krogius, Nikolai V."]
[Black "Guido, Flavio"]
[WhiteElo "2550"]
[BlackElo "2330"]
[Result "1/2-1/2"]
[PlyCount "76"]
[EventDate "1989.06.02"]

1. Nf3 c5 2. c4 g6 3. Nc3 Bg7 4. e3 Nf6 5. Be2 O-O 6. O-O Nc6 7. d4 cxd4 8.
Nxd4 b6 9. b3 Bb7 10. Ba3 Nxd4 11. exd4 d5 12. Bf3 Qd7 13. Re1 Rfe8 14. c5 Rac8
15. Rc1 bxc5 16. Bxc5 Bc6 17. b4 a6 18. h3 Bb5 19. a4 Bc4 20. Be2 Bxe2 21. Qxe2
Qb7 22. b5 axb5 23. Qxb5 Qa8 24. Bxe7 Ne4 25. Nxd5 Rxc1 26. Rxc1 Bxd4 27. Nc7
Bxf2+ 28. Kf1 Rc8 29. Nxa8 Rxc1+ 30. Ke2 Nc3+ 31. Kxf2 Nxb5 32. axb5 Rc8 33.
Nb6 Rc2+ 34. Kf3 Rb2 35. Nc4 Rxb5 36. Ne3 f5 37. g4 fxg4+ 38. hxg4 Kf7 1/2-1/2

[Event "Trofeo Cristoforo Colombo"]
[Site "Genova ITA"]
[Date "1989.06.??"]
[Round "7"]
[White "Raicevic, Vladimir"]
[Black "Hector, Jonny"]
[WhiteElo "2480"]
[BlackElo "2485"]
[Result "1-0"]
[PlyCount "69"]
[EventDate "1989.06.02"]

1. d4 d5 2. c4 e6 3. cxd5 exd5 4. Nc3 Nf6 5. Bg5 Nbd7 6. e3 Be7 7. Bd3 O-O 8.
Nge2 Re8 9. Qc2 Nf8 10. h3 Be6 11. O-O-O c5 12. Bb5 N6d7 13. Bxe7 Rxe7 14. Nf4
Nf6 15. dxc5 Rc8 16. Kb1 Rxc5 17. Qd2 Rec7 18. Bd3 Qe8 19. f3 N8d7 20. Nb5 R7c6
21. b4 Rb6 22. Nxe6 fxe6 23. bxc5 Nxc5 24. Ka1 Nxd3 25. Qxd3 Rxb5 26. Rc1 Rb6
27. Rc7 Nd7 28. Rhc1 Qe7 29. Qc3 Qd6 30. Rc8+ Kf7 31. Qc7 Qe7 32. Qd8 Qf6+ 33.
Qxf6+ gxf6 34. R1c7 Ke7 35. Rb8 1-0

[Event "Trofeo Cristoforo Colombo"]
[Site "Genova ITA"]
[Date "1989.06.??"]
[Round "7"]
[White "Skembris, Spyridon"]
[Black "Cramling, Pia"]
[WhiteElo "2455"]
[BlackElo "2480"]
[Result "1/2-1/2"]
[PlyCount "87"]
[EventDate "1989.06.02"]

1. d4 Nf6 2. c4 g6 3. Nc3 Bg7 4. e4 d6 5. Be2 O-O 6. Nf3 c6 7. O-O e5 8. dxe5
dxe5 9. Qxd8 Rxd8 10. Nxe5 Nxe4 11. Nxe4 Bxe5 12. Bg5 Re8 13. Bf3 Be6 14. Rae1
Nd7 15. b3 Bf5 16. Rd1 Bxe4 17. Rxd7 Bxf3 18. gxf3 b6 19. Rfd1 c5 20. Be3 Bf6
21. Rb7 Bd4 22. Bxd4 Red8 23. Kf1 cxd4 24. Ke2 Rd6 25. Re7 Kf8 26. Re4 Rad8 27.
Kd3 Kg7 28. Rc1 Rf6 29. f4 Rf5 30. f3 Rh5 31. Rc2 Rh3 32. Rf2 Rh4 33. b4 Kf6
34. a3 Rd7 35. f5 Rh3 36. fxg6 fxg6 37. Rxd4 Rxd4+ 38. Kxd4 Ke6 39. Re2+ Kd7
40. Ke3 g5 41. Ke4 h6 42. c5 bxc5 43. bxc5 Kc6 44. Kd4 1/2-1/2

[Event "Trofeo Cristoforo Colombo"]
[Site "Genova ITA"]
[Date "1989.06.??"]
[Round "8"]
[White "Farago, Ivan"]
[Black "Skembris, Spyridon"]
[WhiteElo "2495"]
[BlackElo "2455"]
[Result "1-0"]
[PlyCount "61"]
[EventDate "1989.06.02"]

1. d4 Nf6 2. c4 e6 3. Nf3 d5 4. Nc3 c5 5. cxd5 Nxd5 6. e4 Nxc3 7. bxc3 cxd4 8.
cxd4 Nc6 9. Bc4 Bb4+ 10. Bd2 Bxd2+ 11. Qxd2 O-O 12. O-O b6 13. a3 Bb7 14. d5
Na5 15. Ba2 exd5 16. exd5 Qd6 17. Qb4 Rad8 18. Rfe1 Qf6 19. Rad1 g6 20. Nd2 Qg7
21. Ne4 Rfe8 22. h3 h6 23. Nd6 Re5 24. f4 Rxe1+ 25. Rxe1 Qf8 26. Ne4 Rc8 27.
Nf6+ Kg7 28. d6 Rc2 29. Re8 Nc6 30. Rxf8 Rxg2+ 31. Kf1 1-0

[Event "Trofeo Cristoforo Colombo"]
[Site "Genova ITA"]
[Date "1989.06.??"]
[Round "8"]
[White "Guido, Flavio"]
[Black "Bellon Lopez, Juan Manuel"]
[WhiteElo "2330"]
[BlackElo "2470"]
[Result "0-1"]
[PlyCount "71"]
[EventDate "1989.06.02"]

1. e4 d5 2. exd5 Nf6 3. d4 Nxd5 4. c4 Nb6 5. Nf3 g6 6. Be2 Bg7 7. O-O O-O 8.
Nc3 Nc6 9. d5 Ne5 10. Nxe5 Bxe5 11. Bh6 Re8 12. Qd2 e6 13. Rad1 exd5 14. cxd5
Bd7 15. Bg5 Bxc3 16. bxc3 Rxe2 17. Qxe2 Qxg5 18. c4 Re8 19. Qd3 Bf5 20. Qb3 Re2
21. Rde1 Be4 22. Qh3 Rxe1 23. Rxe1 Nxc4 24. f3 Bf5 25. f4 Bxh3 26. fxg5 Bd7 27.
Rc1 b5 28. a4 Kf8 29. axb5 Bxb5 30. Kf2 Ke7 31. Kf3 Kd6 32. Ke4 Nb6 33. Ra1 a6
34. Ra3 Nxd5 35. Rh3 Bf1 36. Kf3 0-1

[Event "Trofeo Cristoforo Colombo"]
[Site "Genova ITA"]
[Date "1989.06.??"]
[Round "8"]
[White "Hector, Jonny"]
[Black "Klaric, Zlatko"]
[WhiteElo "2485"]
[BlackElo "2445"]
[Result "0-1"]
[PlyCount "78"]
[EventDate "1989.06.02"]

1. e4 e5 2. Nf3 Nc6 3. c3 d6 4. d4 Be7 5. Bd3 Nf6 6. h3 d5 7. dxe5 Nxe4 8. Be3
Bf5 9. Qc2 Bg6 10. b4 Qd7 11. O-O O-O 12. a3 Qf5 13. Bd4 Qh5 14. Kh2 f5 15.
Nbd2 Bg5 16. Nb3 Rae8 17. Nxg5 Qxg5 18. f4 Qg3+ 19. Kh1 Bh5 20. Bc5 Ne7 21. a4
b6 22. Bg1 g5 23. Bh2 Qh4 24. fxg5 Ng6 25. Bb5 Rxe5 26. c4 f4 27. cxd5 Ng3+ 28.
Bxg3 Qxg3 29. Nd4 f3 30. Qf2 fxg2+ 31. Qxg2 Qc3 32. Be2 Nf4 33. Nb5 Qb2 34.
Rab1 Qxe2 35. Qxe2 Bxe2 36. Rfe1 Nd3 37. Rg1 Nf2+ 38. Kg2 Bxb5 39. axb5 Rxd5
0-1

[Event "Trofeo Cristoforo Colombo"]
[Site "Genova ITA"]
[Date "1989.06.??"]
[Round "8"]
[White "Krogius, Nikolai V."]
[Black "Grassi, Mario"]
[WhiteElo "2550"]
[BlackElo "2210"]
[Result "1-0"]
[PlyCount "67"]
[EventDate "1989.06.02"]

1. Nf3 d6 2. g3 e5 3. Bg2 Be7 4. O-O h5 5. e4 h4 6. d4 hxg3 7. hxg3 Bg4 8. dxe5
Nc6 9. exd6 Ne5 10. Bf4 Bxd6 11. Bxe5 Bxf3 12. Bxf3 Bxe5 13. Qxd8+ Rxd8 14. c3
Nf6 15. Na3 c6 16. Nc4 Bc7 17. Rad1 Nd7 18. Bg4 Nc5 19. Rxd8+ Kxd8 20. b4 Ne6
21. Bxe6 fxe6 22. Kg2 Ke7 23. Rd1 b5 24. Ne3 a5 25. a3 Rf8 26. Nc2 axb4 27.
Nxb4 c5 28. Nc6+ Kf6 29. Rd7 Be5 30. Rd3 Ra8 31. Rf3+ Kg5 32. Nxe5 Rxa3 33.
Nf7+ Kg6 34. Nd6 1-0

[Event "Trofeo Cristoforo Colombo"]
[Site "Genova ITA"]
[Date "1989.06.??"]
[Round "9"]
[White "Bellon Lopez, Juan Manuel"]
[Black "Hector, Jonny"]
[WhiteElo "2470"]
[BlackElo "2485"]
[Result "1-0"]
[PlyCount "73"]
[EventDate "1989.06.02"]

1. d4 d5 2. c4 e6 3. Nc3 Nf6 4. Bg5 c5 5. cxd5 cxd4 6. Qa4+ Qd7 7. Qxd4 Nc6 8.
Qd2 Nxd5 9. Nxd5 exd5 10. a3 h6 11. Bh4 d4 12. e3 g5 13. Bg3 dxe3 14. Qxe3+ Qe6
15. Bc4 Qxe3+ 16. fxe3 Bg7 17. O-O-O Bf5 18. e4 Bxe4 19. Re1 f5 20. Bd5 O-O-O
21. Be6+ Rd7 22. Nf3 Re8 23. Bxf5 Bxf5 24. Rxe8+ Nd8 25. Rhe1 g4 26. Nh4 Bd3
27. R8e7 Bf6 28. Rxd7 Bg5+ 29. Kd1 Kxd7 30. Re5 Bh7 31. Rd5+ Kc6 32. Rd4 h5 33.
Ng6 Kc5 34. Bf2 Nc6 35. Ne5 Kb5 36. Rd5+ Ka4 37. Nd7 1-0

[Event "Trofeo Cristoforo Colombo"]
[Site "Genova ITA"]
[Date "1989.06.??"]
[Round "9"]
[White "Grassi, Mario"]
[Black "Guido, Flavio"]
[WhiteElo "2210"]
[BlackElo "2330"]
[Result "1/2-1/2"]
[PlyCount "90"]
[EventDate "1989.06.02"]

1. d4 Nf6 2. c4 c5 3. d5 d6 4. Nc3 g6 5. e4 Bg7 6. Bd3 O-O 7. h3 a6 8. a4 e6 9.
Nf3 exd5 10. exd5 Re8+ 11. Be3 Bf5 12. Bxf5 gxf5 13. O-O Ne4 14. Nxe4 fxe4 15.
Nd2 Qh4 16. Qg4 Qxg4 17. hxg4 Nd7 18. Rae1 Ne5 19. Bf4 Nd3 20. Bxd6 Nxe1 21.
Rxe1 e3 22. Rxe3 Bd4 23. Re4 f6 24. Kf1 Kf7 25. f3 Rad8 26. Bc7 Rd7 27. Bb6
Bxb2 28. Bxc5 b5 29. axb5 axb5 30. Rxe8 Kxe8 31. d6 Rb7 32. cxb5 Rxb5 33. Ne4
Kd7 34. Ke2 Be5 35. Kd3 Kc6 36. Kc4 Rb2 37. Bd4 Rxg2 38. Nxf6 Bxf6 39. Bxf6 Rf2
40. Be7 Rxf3 41. g5 Rf4+ 42. Kd3 Kd7 43. Ke3 Ra4 44. Kd3 Ke6 45. Ke3 Rg4
1/2-1/2

[Event "Trofeo Cristoforo Colombo"]
[Site "Genova ITA"]
[Date "1989.06.??"]
[Round "9"]
[White "Klaric, Zlatko"]
[Black "Cramling, Pia"]
[WhiteElo "2445"]
[BlackElo "2480"]
[Result "0-1"]
[PlyCount "86"]
[EventDate "1989.06.02"]

1. d4 Nf6 2. Nf3 c5 3. c3 e6 4. e3 Nc6 5. Bd3 d5 6. Nbd2 Bd6 7. O-O O-O 8. dxc5
Bxc5 9. e4 Qc7 10. Qe2 Ng4 11. Bc2 d4 12. Nb3 dxc3 13. e5 Ngxe5 14. Nxe5 Nxe5
15. Nxc5 Qxc5 16. b4 Qc7 17. Bf4 f6 18. Rfe1 Rf7 19. Rad1 Bd7 20. Bb3 Qb6 21.
a3 a5 22. Be3 Qa6 23. Qxa6 Rxa6 24. f4 a4 25. Ba2 c2 26. Rd2 Rc6 27. Bc5 Ng6
28. f5 Nf8 29. Rxc2 b6 30. Rce2 bxc5 31. b5 Rc8 32. fxe6 Bxe6 33. Rxe6 Nxe6 34.
Bxe6 Rb8 35. Re4 Kf8 36. Rxa4 Re7 37. Bd5 Re3 38. Bc6 Rb3 39. Ra7 c4 40. a4 c3
41. Rf7+ Kxf7 42. Bd5+ Ke7 43. Bxb3 Kd6 0-1

[Event "Trofeo Cristoforo Colombo"]
[Site "Genova ITA"]
[Date "1989.06.??"]
[Round "9"]
[White "Skembris, Spyridon"]
[Black "Lerner, Konstantin Z."]
[WhiteElo "2455"]
[BlackElo "2535"]
[Result "1/2-1/2"]
[PlyCount "67"]
[EventDate "1989.06.02"]

1. d4 Nf6 2. c4 e6 3. Nc3 Bb4 4. f3 d5 5. a3 Bd6 6. c5 Be7 7. f4 O-O 8. Qc2 b6
9. b4 a5 10. Rb1 axb4 11. axb4 bxc5 12. bxc5 Ba6 13. Nf3 Nc6 14. e3 Bxf1 15.
Rxf1 Qc8 16. Qd3 Ra5 17. Rf2 Ng4 18. Rfb2 f5 19. Bd2 Ra3 20. h3 Nf6 21. Qb5 Ra6
22. Na2 Ne4 23. Nb4 Nxb4 24. Rxb4 Ra2 25. Qc6 Ra6 26. Qb7 Ra8 27. Qxc8 Rfxc8
28. Rb7 Bf6 29. Ke2 Kf8 30. R1b2 h5 31. Be1 Ke8 32. Nd2 Nxd2 33. Bxd2 Ra6 34.
Be1 1/2-1/2

[Event "Trofeo Cristoforo Colombo"]
[Site "Genova ITA"]
[Date "1989.06.??"]
[Round "10"]
[White "Cramling, Pia"]
[Black "Bellon Lopez, Juan Manuel"]
[WhiteElo "2480"]
[BlackElo "2470"]
[Result "1/2-1/2"]
[PlyCount "26"]
[EventDate "1989.06.02"]

1. d4 Nf6 2. c4 c6 3. Nc3 d5 4. cxd5 cxd5 5. Nf3 Nc6 6. Bf4 Bf5 7. e3 e6 8. Bb5
Nd7 9. Ne5 Ndxe5 10. Bxe5 Rc8 11. Qb3 Bd6 12. Bxd6 Qxd6 13. O-O O-O 1/2-1/2

[Event "Trofeo Cristoforo Colombo"]
[Site "Genova ITA"]
[Date "1989.06.??"]
[Round "10"]
[White "Farago, Ivan"]
[Black "Klaric, Zlatko"]
[WhiteElo "2495"]
[BlackElo "2445"]
[Result "1-0"]
[PlyCount "111"]
[EventDate "1989.06.02"]

1. d4 d5 2. c4 Bf5 3. cxd5 Bxb1 4. Qa4+ c6 5. Rxb1 Qxd5 6. Nf3 Nd7 7. Bd2 Nb6
8. Qa5 Nc4 9. Qxd5 cxd5 10. e3 Nxd2 11. Bb5+ Kd8 12. Kxd2 e6 13. Ne5 Bb4+ 14.
Ke2 Ke7 15. Rhc1 Bd6 16. Rc2 f6 17. Nd3 Kd8 18. e4 dxe4 19. Nc5 Bxc5 20. dxc5
Ne7 21. Rd1+ Nd5 22. Bc4 Kc7 23. Bxd5 exd5 24. Rxd5 Rad8 25. Rcd2 Rxd5 26. Rxd5
Re8 27. Ke3 Re6 28. a3 g6 29. g4 Kc6 30. Kd4 Kc7 31. h4 b6 32. b4 b5 33. h5 Ra6
34. hxg6 hxg6 35. g5 f5 36. Re5 Rxa3 37. Re7+ Kd8 38. Rg7 Rf3 39. Rg8+ Kc7 40.
Rxg6 Rxf2 41. Rg7+ Kd8 42. Rf7 Ke8 43. Rxa7 Rd2+ 44. Ke5 e3 45. Ra3 e2 46. Re3
Rb2 47. Kxf5+ Kf8 48. Ke6 Rxb4 49. c6 Rc4 50. Kd6 Rd4+ 51. Kc5 Rc4+ 52. Kb6 b4
53. Rxe2 b3 54. Rb2 Rc3 55. c7 Ke7 56. Kb7 1-0

[Event "Trofeo Cristoforo Colombo"]
[Site "Genova ITA"]
[Date "1989.06.??"]
[Round "10"]
[White "Guido, Flavio"]
[Black "Hector, Jonny"]
[WhiteElo "2330"]
[BlackElo "2485"]
[Result "0-1"]
[PlyCount "66"]
[EventDate "1989.06.02"]

1. e4 e5 2. Nf3 f5 3. Bc4 fxe4 4. Nxe5 d5 5. Qh5+ g6 6. Nxg6 hxg6 7. Qxg6+ Kd7
8. Bxd5 Nf6 9. Nc3 Qe7 10. d4 exd3+ 11. Be3 dxc2 12. Qxc2 Qh7 13. Qa4+ Kd8 14.
Bg5 Be7 15. Bf3 Nfd7 16. Bf4 Nc5 17. O-O-O+ Bd7 18. Qc4 Rf8 19. Nd5 Bd6 20. Be3
Nba6 21. Rhe1 b5 22. Qc3 b4 23. Qc4 b3 24. axb3 Rb8 25. Bg5+ Kc8 26. Re3 Qxh2
27. Ne7+ Bxe7 28. Bxe7 Qf4 29. Rd4 Nxb3+ 30. Kd1 Qxd4+ 31. Qxd4 Nxd4 32. Bxf8
Nxf3 33. gxf3 Rxb2 0-1

[Event "Trofeo Cristoforo Colombo"]
[Site "Genova ITA"]
[Date "1989.06.??"]
[Round "10"]
[White "Krogius, Nikolai V."]
[Black "Skembris, Spyridon"]
[WhiteElo "2550"]
[BlackElo "2455"]
[Result "1/2-1/2"]
[PlyCount "128"]
[EventDate "1989.06.02"]

1. d4 d5 2. c4 c6 3. Nf3 Nf6 4. Nc3 dxc4 5. a4 Bf5 6. e3 e6 7. Bxc4 Bb4 8. O-O
Nbd7 9. Nh4 Bg4 10. f3 Bh5 11. g3 O-O 12. Qd3 a5 13. e4 Nb6 14. Be3 Nxc4 15.
Qxc4 Nd7 16. Rad1 Qe7 17. Ng2 f6 18. Na2 Bd6 19. Nc3 Bf7 20. Qe2 Bb4 21. Bf2 e5
22. d5 Rfc8 23. dxc6 bxc6 24. Ne3 Bb3 25. Rc1 Qe6 26. f4 exf4 27. gxf4 Nc5 28.
e5 Rd8 29. Bg3 f5 30. Rf3 Nxa4 31. Nxa4 Bxa4 32. Qc4 Qxc4 33. Nxc4 Bd1 34. Rf1
Be2 35. Rf2 Bc5 36. Nd6 Bxf2+ 37. Kxf2 Bb5 38. Ke3 a4 39. Kd4 a3 40. bxa3 Rxa3
41. Kc5 Rd3 42. Nxf5 Kf7 43. Nd6+ R8xd6 44. exd6 Rd5+ 45. Kb4 Rxd6 46. Rc5 Rd4+
47. Kc3 Rd3+ 48. Kc2 Re3 49. Kd2 Re2+ 50. Kc3 g6 51. Kd4 h6 52. Re5 Rc2 53. f5
Rc4+ 54. Ke3 Rc3+ 55. Kd4 Rc4+ 56. Ke3 Kf6 57. fxg6 Rc3+ 58. Kd4 Rd3+ 59. Ke4
Ra3 60. Bf4 Ra7 61. Ke3 Kxg6 62. Re6+ Kf5 63. Re5+ Kg6 64. Re6+ Kf5 1/2-1/2

[Event "Trofeo Cristoforo Colombo"]
[Site "Genova ITA"]
[Date "1989.06.??"]
[Round "10"]
[White "Lerner, Konstantin Z."]
[Black "Raicevic, Vladimir"]
[WhiteElo "2535"]
[BlackElo "2480"]
[Result "1-0"]
[PlyCount "43"]
[EventDate "1989.06.02"]

1. d4 Nf6 2. c4 e6 3. Nc3 Bb4 4. e3 O-O 5. Bd3 d6 6. Nge2 e5 7. O-O exd4 8.
exd4 d5 9. cxd5 Nxd5 10. Qc2 Nf6 11. Bg5 Bxc3 12. Bxh7+ Kh8 13. bxc3 g6 14.
Bxg6 fxg6 15. Nf4 Bf5 16. Nxg6+ Bxg6 17. Qxg6 Qd6 18. Rae1 Nc6 19. Qh6+ Kg8 20.
Re3 Nh7 21. Re6 Qd7 22. d5 1-0

[Event "Trofeo Cristoforo Colombo"]
[Site "Genova ITA"]
[Date "1989.06.??"]
[Round "11"]
[White "Bellon Lopez, Juan Manuel"]
[Black "Farago, Ivan"]
[WhiteElo "2470"]
[BlackElo "2495"]
[Result "1/2-1/2"]
[PlyCount "22"]
[EventDate "1989.06.02"]

1. Nf3 Nf6 2. c4 c5 3. Nc3 Nc6 4. g3 d5 5. cxd5 Nxd5 6. Bg2 Nc7 7. Qa4 Bd7 8.
Qe4 g6 9. Ne5 Bg7 10. Nxd7 Qxd7 11. O-O O-O 1/2-1/2

[Event "Trofeo Cristoforo Colombo"]
[Site "Genova ITA"]
[Date "1989.06.??"]
[Round "11"]
[White "Hector, Jonny"]
[Black "Cramling, Pia"]
[WhiteElo "2485"]
[BlackElo "2480"]
[Result "0-1"]
[PlyCount "87"]
[EventDate "1989.06.02"]

1. e4 c5 2. Nc3 e6 3. Nf3 Nc6 4. d4 cxd4 5. Nxd4 Qc7 6. f4 a6 7. Nxc6 Qxc6 8.
Bd3 b5 9. Qe2 Bb7 10. Bd2 Nf6 11. a3 Be7 12. O-O O-O 13. e5 Nd5 14. Nxd5 Qxd5
15. c4 bxc4 16. Bxc4 Qc6 17. Rac1 Rac8 18. Kh1 Qb6 19. b4 d5 20. Be3 d4 21. Bg1
Rc6 22. Rcd1 Rd8 23. f5 exf5 24. Qa2 Qc7 25. Bxf7+ Kh8 26. Rf2 Bh4 27. Rfd2 Bg5
28. Bd5 Bxd2 29. Bxc6 Bxc6 30. Qxd2 d3 31. Qg5 Be4 32. e6 Re8 33. Bd4 Qe7 34.
Qg3 Rc8 35. h3 Kg8 36. Rd2 h6 37. a4 Rc6 38. b5 axb5 39. axb5 Rxe6 40. b6 Kh7
41. Qc7 Qg5 42. Qc3 Rc6 43. Qb4 Rc1+ 44. Bg1 0-1

[Event "Trofeo Cristoforo Colombo"]
[Site "Genova ITA"]
[Date "1989.06.??"]
[Round "11"]
[White "Klaric, Zlatko"]
[Black "Lerner, Konstantin Z."]
[WhiteElo "2445"]
[BlackElo "2535"]
[Result "1/2-1/2"]
[PlyCount "69"]
[EventDate "1989.06.02"]

1. d4 Nf6 2. Nf3 g6 3. g3 Bg7 4. Bg2 O-O 5. O-O d6 6. b3 c6 7. Bb2 a5 8. c4 a4
9. b4 Be6 10. Nfd2 d5 11. c5 Ne8 12. e3 Nd7 13. Nc3 b5 14. a3 Nc7 15. Qe2 Nf6
16. h3 Nd7 17. f4 f5 18. Nf3 Nf6 19. Ne5 Qe8 20. Qe1 Ne4 21. Ne2 Ra6 22. Kh2
Qc8 23. Bf3 Ne8 24. Rg1 N8f6 25. g4 Qc7 26. Rd1 Raa8 27. Rg2 Nd7 28. Ng3 Nxg3
29. Nxd7 Qxd7 30. Qxg3 Kf7 31. Rdg1 Rh8 32. Rh1 Raf8 33. Kg1 Ke8 34. g5 h5 35.
Rd2 1/2-1/2

[Event "Trofeo Cristoforo Colombo"]
[Site "Genova ITA"]
[Date "1989.06.??"]
[Round "11"]
[White "Raicevic, Vladimir"]
[Black "Krogius, Nikolai V."]
[WhiteElo "2480"]
[BlackElo "2550"]
[Result "1-0"]
[PlyCount "82"]
[EventDate "1989.06.02"]

1. d4 Nf6 2. c4 g6 3. Nc3 Bg7 4. e4 d6 5. Nge2 O-O 6. Ng3 c5 7. d5 e6 8. Be2
exd5 9. cxd5 Nbd7 10. O-O a6 11. a4 Qc7 12. Be3 Rb8 13. h3 Re8 14. Qc2 b6 15.
b3 h5 16. Rfe1 Nh7 17. Nf1 Qd8 18. Nd2 b5 19. axb5 axb5 20. Ra7 b4 21. Nb5 Nb6
22. Bf4 Bf8 23. Qd3 Qf6 24. Qg3 h4 25. Qf3 Nxd5 26. Bxd6 Bxd6 27. Nxd6 Re7 28.
Qxf6 Nhxf6 29. Rea1 Bd7 30. Bc4 Nb6 31. R1a5 Nc8 32. Ra8 Nxd6 33. Rxb8+ Kg7 34.
Rxc5 Ndxe4 35. Nxe4 Rxe4 36. Rxb4 Re1+ 37. Kh2 Ne4 38. Re5 Kf6 39. f4 g5 40.
Bd3 Nf2 41. Rxe1 Nxd3 1-0

[Event "Trofeo Cristoforo Colombo"]
[Site "Genova ITA"]
[Date "1989.06.??"]
[Round "11"]
[White "Skembris, Spyridon"]
[Black "Grassi, Mario"]
[WhiteElo "2455"]
[BlackElo "2210"]
[Result "1-0"]
[PlyCount "97"]
[EventDate "1989.06.02"]

1. d4 d6 2. e4 Nf6 3. Nc3 g6 4. Nf3 Bg4 5. Be2 Bg7 6. O-O O-O 7. Bg5 Nc6 8. Qd2
Bxf3 9. Bxf3 h6 10. Be3 Kh7 11. Rae1 e5 12. dxe5 dxe5 13. Qxd8 Rfxd8 14. Nb5
Ne8 15. Rd1 Nd4 16. Nxd4 exd4 17. Bf4 c6 18. Rd3 Nd6 19. Rb3 b6 20. e5 Nc4 21.
Re1 g5 22. Rb4 b5 23. Bg3 a5 24. Rb3 Nd2 25. Bxc6 Rac8 26. Rd3 Rxc6 27. Rxd2
Rdc8 28. Rc1 b4 29. Kf1 d3 30. Rxd3 Rxc2 31. Rcd1 R8c5 32. Re3 Rc6 33. f4 Kg6
34. fxg5 hxg5 35. a3 Kf5 36. axb4 axb4 37. b3 R6c5 38. Rde1 Rb2 39. e6 fxe6 40.
Rf3+ Kg4 41. h3+ Kh5 42. Rxe6 Rc3 43. Rf7 Rxg3 44. Rxg7 g4 45. h4 Rb1+ 46. Kf2
Rxg2+ 47. Kxg2 Rb2+ 48. Kf1 Kxh4 49. Re4 1-0